| 000 | 01180nam0a22002771 4500 | ||
|---|---|---|---|
| 001 | rc\9141 | ||
| 005 | 20250620113013.0 | ||
| 035 | _a(NLR Aleph) 005298456 | ||
| 090 |
_a6264047 _c6264047 |
||
| 100 | _a20021204d1993 |||y0rusy50 ca | ||
| 101 | 0 | _arus | |
| 102 | _aRU | ||
| 105 | _ay ||||||||| | ||
| 200 | 1 |
_aДеятельность природоохранных организаций северо-запада России в условиях обострения экологической ситуации _fМурм. ин-т повышения квалификации работников образования |
|
| 210 |
_aМурманск _cБ. и. _d1993 |
||
| 215 |
_a68 с. _d20 |
||
| 225 | 1 | _aЗеленое движение | |
| 300 | _aНа обороте тит. л. авт.: Андреев О.А., к. филос. н. | ||
| 320 | _aБиблиогр.: с. 56-61 | ||
| 700 | 1 |
_aАндреев _bО. А. _cд-р филос. наук, политолог _f1955- _gОлег Алексеевич _9146964 _3RU\NLR\AUTH\770147000 |
|
| 801 | 0 |
_aRU _bNLR _gpsbo |
|
| 801 | 1 |
_aRU _bELAR _2rusmarc |
|
| 852 |
_aNLR _j94-4/2336 |
||
| 942 | _cBOOK | ||
| 980 | _aNB | ||